| 000 | 00000nam##2200000za#4500 |
| 001 | 9.700502 |
| 003 | CaOODSP |
| 005 | 20250319164520 |
| 007 | cr ||||||||||| |
| 008 | 150407|2001||||xxc|||||o f|0| 0 eng|d |
| 040 | |aCaOODSP|beng |
| 043 | |an-cn--- |
| 086 | 1 |aH39-594/2001E-PDF |
| 110 | 1 |aCanada.|bHealth Canada. |bPopulation and Public Health Branch. |
| 245 | 13|aAn inventory of Canadian programs for the prevention of falls among seniors living in the community / |h[electronic resource]|cprepared by Victoria Scott et al. |
| 260 | |aOttawa - Ontario : |bHealth Canada. |cc2001. |
| 300 | |a62p.|breferences, tables |
| 590 | |a15-05-Supp|b2015-03-31 |
| 690 | 07|aDirectories|2gcpds |
| 690 | 07|aSeniors|2gcpds |
| 690 | 07|aPrevention|2gcpds |
| 690 | 07|aInjuries|2gcpds |
| 775 | 08|tRépertoire des programmes canadiens de prévention des chutes et des blessures causées par les chutes chez les aînés vivant dans la communauté / |w(CaOODSP)9.644386 |
| 776 | 0#|tAn inventory of Canadian programs for the prevention of falls among seniors living in the community / |w(CaOODSP)9.648302 |
| 856 | 40|ahttp://publications.gc.ca|qPDF|s285 KB|uhttps://publications.gc.ca/collections/collection_2015/sc-hc/H39-594-2001-eng.pdf |